[Event "32. Offene Senioren-LEM Sachsen-Anh. 65+"]
[Site "Magdeburg"]
[Date "2024.07.01"]
[Round "1.36"]
[White "Hülle, Gunter"]
[Black "Renner, Bernd"]
[Result "1/2-1/2"]
[WhiteElo "1766"]
[BlackElo "1959"]
[PlyCount "28"]
[EventDate "2024.??.??"]
[WhiteTeam "SV Springer Leipzig"]
[BlackTeam "CFC Germania 03"]

1. b4 e5 2. Bb2 Bxb4 3. Bxe5 Nf6 4. c4 Nc6 5. Bb2 O-O 6. a3 Be7 7. e3 Re8 8.
Be2 d6 9. Nf3 Bf5 10. d4 Bf8 11. Nc3 h6 12. O-O Qd7 13. Bd3 Bxd3 14. Qxd3 Ne7
1/2-1/2

[Event "32. Offene Senioren-LEM Sachsen-Anh. 65+"]
[Site "Magdeburg"]
[Date "2024.07.01"]
[Round "1.37"]
[White "Onasch, Gunnar"]
[Black "Zimmer, Franz"]
[Result "1-0"]
[WhiteElo "1959"]
[BlackElo "1766"]
[PlyCount "57"]
[EventDate "2024.??.??"]
[WhiteTeam "SSC Rostock 07"]
[BlackTeam "SG Trier 1877"]

1. d4 d5 2. c4 e6 3. Nc3 Nf6 4. cxd5 exd5 5. Bg5 Be7 6. e3 O-O 7. Bd3 c6 8.
Nge2 Be6 9. Qc2 h6 10. Bf4 Nbd7 11. O-O Rc8 12. Ng3 a6 13. Nf5 Bxf5 14. Bxf5 c5
15. Qb3 g6 16. Bxd7 Qxd7 17. Bxh6 Rfe8 18. Bf4 cxd4 19. exd4 b5 20. Rfe1 Qg4
21. Be5 Qf5 22. Re2 Qg5 23. Rae1 Red8 24. Nd1 Ne4 25. h3 Qf5 26. Ne3 Qg5 27.
Nxd5 Rxd5 28. Rxe4 Rdd8 29. Bf4 1-0

[Event "32. Offene Senioren-LEM Sachsen-Anh. 65+"]
[Site "Magdeburg"]
[Date "2024.07.01"]
[Round "1.38"]
[White "Grube, Kurt"]
[Black "Heß, Jürgen"]
[Result "1/2-1/2"]
[WhiteElo "1757"]
[BlackElo "1958"]
[PlyCount "111"]
[EventDate "2024.??.??"]
[WhiteTeam "SG Osnabrück"]
[BlackTeam "SG Arnstadt-Stadtilm"]

1. c4 Nf6 2. Nf3 e6 3. d4 d5 4. Nc3 c5 5. cxd5 exd5 6. g3 Nc6 7. Bg2 cxd4 8.
Nxd4 Bc5 9. Nb3 Bb4 10. Bd2 O-O 11. O-O a5 12. a3 Be7 13. Be3 Be6 14. Nd4 Qd7
15. Nxe6 fxe6 16. Bd2 Bc5 17. Na4 Ba7 18. Rc1 Qe7 19. Nc3 Ng4 20. e3 Nce5 21.
Qe2 Nc4 22. h3 Nxd2 23. Qxd2 Ne5 24. Qe2 Nc4 25. Nxd5 exd5 26. Bxd5+ Kh8 27.
Qxc4 Qd7 28. Bg2 Rf7 29. Rcd1 Qe7 30. Qc3 Raf8 31. Qxa5 b5 32. Qb4 Bc5 33. Qd2
Rxf2 34. Qd7 Qxe3 35. Rxf2 Qxf2+ 36. Kh2 Qxb2 37. h4 Qxa3 38. Rf1 Rxf1 39. Bxf1
Qb2+ 40. Bg2 Bf8 41. Qf7 Qf6 42. Qxf6 gxf6 43. g4 Bd6+ 44. Kh3 Kg7 45. Be4 h6
46. h5 Kf7 47. Bf5 b4 48. Kg2 Ke7 49. Kf2 b3 50. Ke2 Be5 51. Kd2 Bb2 52. Kd3
Be5 53. Kc4 b2 54. Kb3 Kd6 55. Kc2 Kc5 56. Kb1 1/2-1/2

[Event "32. Offene Senioren-LEM Sachsen-Anh. 65+"]
[Site "Magdeburg"]
[Date "2024.07.01"]
[Round "1.39"]
[White "Wolff, Stefan"]
[Black "Wulff, Rüdiger"]
[Result "1-0"]
[WhiteElo "1956"]
[BlackElo "1731"]
[PlyCount "95"]
[EventDate "2024.??.??"]
[WhiteTeam "SchVgg Blankenese von 1923"]
[BlackTeam "Flechtinger Sportverein"]

1. c4 g6 2. Nc3 Nf6 3. e4 e6 4. e5 Nh5 5. d4 Bb4 6. Be2 Ng7 7. Nf3 O-O 8. Bg5
Be7 9. Qd2 Nc6 10. Bxe7 Nxe7 11. Ne4 Ne8 12. g4 f5 13. exf6 Nxf6 14. Nxf6+ Rxf6
15. O-O-O b6 16. Rhf1 Qf8 17. Qe3 Bb7 18. Ne5 Rd8 19. g5 Rf4 20. Nxd7 Qf5 21.
Bd3 Qxg5 22. Rg1 Qh6 23. Qxe6+ Rf7+ 24. Kb1 Qg7 25. Ne5 Rxd4 26. Bc2 c5 27.
Rxd4 cxd4 28. Rd1 Kf8 29. Qxf7+ Qxf7 30. Nxf7 Kxf7 31. Rxd4 Ba6 32. b3 Bc8 33.
Kb2 Nc6 34. Rh4 Kg7 35. Kc3 Ne5 36. Re4 Nf3 37. Re7+ Kh6 38. Rxa7 Nxh2 39. Rc7
Bh3 40. Rc6 Ng4 41. f4 Ne3 42. Rxb6 Nxc2 43. Kxc2 Bf5+ 44. Kd2 Kg7 45. c5 h5
46. Ke3 h4 47. Kf3 h3 48. Kg3 1-0

[Event "32. Offene Senioren-LEM Sachsen-Anh. 65+"]
[Site "Magdeburg"]
[Date "2024.07.01"]
[Round "1.40"]
[White "Bertram, Thomas"]
[Black "Lehr, Thomas"]
[Result "0-1"]
[WhiteElo "1725"]
[BlackElo "1954"]
[PlyCount "62"]
[EventDate "2024.??.??"]
[WhiteTeam "SV 1919 Grimma"]
[BlackTeam "Husumer SV von 1898"]

1. e4 d5 2. exd5 Qxd5 3. Nc3 Qd6 4. Bc4 Nf6 5. Nf3 e6 6. O-O Be7 7. d3 a6 8.
Ne2 b5 9. Bf4 Qd8 10. Bb3 Nc6 11. c3 O-O 12. Bc2 Bb7 13. d4 Na5 14. Ne5 Qd5 15.
f3 c5 16. Bg5 cxd4 17. Bxf6 Bxf6 18. Qd3 g6 19. Ng4 Bg7 20. b4 Nc6 21. Bb3 Qd6
22. Ng3 Rfd8 23. Ne4 Qe7 24. Qd2 dxc3 25. Nh6+ Kh8 26. Nxf7+ Qxf7 27. Ng5 Qe7
28. Qf4 Nd4 29. Qh4 Bf6 30. f4 Nxb3 31. axb3 Rd2 0-1

[Event "32. Offene Senioren-LEM Sachsen-Anh. 65+"]
[Site "Magdeburg"]
[Date "2024.07.01"]
[Round "1.41"]
[White "Bregler, Herbert"]
[Black "Kühne, Jürgen"]
[Result "1-0"]
[WhiteElo "1952"]
[BlackElo "1725"]
[PlyCount "35"]
[EventDate "2024.??.??"]
[WhiteTeam "SC Eppingen"]
[BlackTeam "SV Irxleben 1919"]

1. d4 f5 2. g3 e6 3. Bg2 Nf6 4. Nd2 d5 5. Ngf3 Be7 6. O-O O-O 7. c4 c5 8. dxc5
Bxc5 9. Nb3 Be7 10. Qc2 Nc6 11. a3 Na5 12. Nxa5 Qxa5 13. cxd5 Nxd5 14. e4 fxe4
15. Qxe4 Nf6 16. Qe2 b6 17. Bd2 Ba6 18. Qxe6+ 1-0

[Event "32. Offene Senioren-LEM Sachsen-Anh. 65+"]
[Site "Magdeburg"]
[Date "2024.07.01"]
[Round "1.42"]
[White "Bernhardt, Eduard"]
[Black "Schwis, Joachim"]
[Result "1/2-1/2"]
[WhiteElo "1717"]
[BlackElo "1950"]
[PlyCount "47"]
[EventDate "2024.??.??"]
[WhiteTeam "VfB Ottersleben"]
[BlackTeam "Ford Schachfreunde Köln"]

1. d4 d6 2. e4 g6 3. Nc3 Bg7 4. Bg5 c5 5. dxc5 Qa5 6. Bd2 Qxc5 7. Nf3 Nf6 8.
Bd3 O-O 9. h3 Bd7 10. O-O Qc8 11. Re1 e5 12. Bf1 Bc6 13. Bg5 Qe6 14. Nb5 Qd7
15. Nxd6 Rd8 16. Nc4 Qxd1 17. Raxd1 Rxd1 18. Rxd1 Nbd7 19. Ncxe5 Nxe5 20. Nxe5
Nxe4 21. Bf4 g5 22. Nxc6 bxc6 23. Bc1 h6 24. Bc4 1/2-1/2

[Event "32. Offene Senioren-LEM Sachsen-Anh. 65+"]
[Site "Magdeburg"]
[Date "2024.07.01"]
[Round "1.43"]
[White "Lübeck, Stephan"]
[Black "Möller, Peter"]
[Result "1-0"]
[WhiteElo "1942"]
[BlackElo "1712"]
[PlyCount "55"]
[EventDate "2024.??.??"]
[WhiteTeam "Lübecker SV von 1873"]
[BlackTeam "SC Mecklenburger Springer"]

1. g3 g6 2. Bg2 Bg7 3. e4 e5 4. Nf3 d6 5. c3 c6 6. O-O Ne7 7. d3 Bg4 8. Nbd2
O-O 9. h3 Be6 10. Re1 Nd7 11. Ng5 Nf6 12. Nxe6 fxe6 13. Nf3 h6 14. Be3 Qe8 15.
h4 Qd7 16. Bh3 Rfe8 17. Nh2 b6 18. g4 Kh7 19. g5 Nfg8 20. Qg4 Nc8 21. h5 Qf7
22. hxg6+ Qxg6 23. Nf3 h5 24. Qh4 Rf8 25. Bg4 Nf6 26. gxf6 Qxg4+ 27. Qxg4 hxg4
28. Ng5+ 1-0

[Event "32. Offene Senioren-LEM Sachsen-Anh. 65+"]
[Site "Magdeburg"]
[Date "2024.07.01"]
[Round "1.44"]
[White "Ogrisek, Gerd"]
[Black "Heise, Jürgen"]
[Result "0-1"]
[WhiteElo "1710"]
[BlackElo "1930"]
[PlyCount "54"]
[EventDate "2024.??.??"]
[WhiteTeam "SV Rochade Magdeburg"]
[BlackTeam "Schachverein Freibauer Barleben"]

1. e4 c5 2. Nf3 g6 3. d4 Bg7 4. Nc3 cxd4 5. Nxd4 Nc6 6. Nxc6 bxc6 7. Bc4 d6 8.
Be3 Nf6 9. f3 O-O 10. Qd2 Qc7 11. O-O-O Rb8 12. Bh6 Qb6 13. Na4 Qb7 14. Bxg7
Kxg7 15. Qc3 Bd7 16. Bb3 Rfc8 17. g4 Kg8 18. Qa5 c5 19. c4 Rc6 20. Qd2 Be6 21.
Qc2 Nd7 22. f4 Bxg4 23. Rd3 Nf6 24. Rg1 Qc8 25. Nc3 Rcb6 26. Nd5 Nxd5 27. exd5
Bf5 0-1

[Event "32. Offene Senioren-LEM Sachsen-Anh. 65+"]
[Site "Magdeburg"]
[Date "2024.07.01"]
[Round "1.45"]
[White "Krien, Hartmut"]
[Black "Conrad, Heidrun"]
[Result "1-0"]
[WhiteElo "1927"]
[BlackElo "1710"]
[PlyCount "52"]
[EventDate "2024.??.??"]
[WhiteTeam "Schachklub Heidenau"]
[BlackTeam "SF Turm 2000 Wahrburg"]

1. e4 e6 2. d4 d5 3. e5 c5 4. c3 Nc6 5. Nf3 Qb6 6. a3 Nge7 7. Bd3 Bd7 8. Bc2
cxd4 9. cxd4 Nf5 10. Bxf5 exf5 11. Nc3 Be6 12. O-O Be7 13. b4 Rc8 14. Bb2 O-O
15. Rc1 Na5 16. Na4 Qb5 17. bxa5 Rxc1 18. Bxc1 Qxa5 19. Bd2 Qb5 20. Nc3 Qc4 21.
Qa1 Rc8 22. Rc1 Qd3 23. Qb1 Qa6 24. a4 Ba3 25. Rc2 Be7 26. Nxd5 Rxc2 1-0

[Event "32. Offene Senioren-LEM Sachsen-Anh. 65+"]
[Site "Magdeburg"]
[Date "2024.07.01"]
[Round "1.46"]
[White "Stratmann, Alois"]
[Black "Krieg, Peter"]
[Result "1/2-1/2"]
[WhiteElo "1705"]
[BlackElo "1920"]
[PlyCount "67"]
[EventDate "2024.??.??"]
[WhiteTeam "Schachverein Ahlen 1954"]
[BlackTeam "SV Einheit Schwerin"]

1. Nf3 Nf6 2. e3 e6 3. b3 d5 4. Bb2 c5 5. Be2 Nc6 6. d4 Bd6 7. Nbd2 O-O 8. a3
Re8 9. O-O a6 10. c4 b6 11. Ne5 Bxe5 12. dxe5 Nd7 13. Nf3 dxc4 14. Bxc4 b5 15.
Be2 Ne7 16. Bd3 Bb7 17. Be2 Nf5 18. Qc2 Qe7 19. Rfd1 Red8 20. Rd2 Nb6 21. Rxd8+
Rxd8 22. Rd1 Rxd1+ 23. Qxd1 Qd7 24. Qxd7 Nxd7 25. g3 Bd5 26. Nd2 Ne7 27. f4 Bb7
28. Kf2 Nb6 29. Bd3 Ned5 30. e4 Nc7 31. Ba1 a5 32. Bc2 Ba6 33. Bb2 b4 34. axb4
1/2-1/2

[Event "32. Offene Senioren-LEM Sachsen-Anh. 65+"]
[Site "Magdeburg"]
[Date "2024.07.01"]
[Round "1.47"]
[White "Niebuhr, Gerd"]
[Black "Ludwig, Richard"]
[Result "1-0"]
[WhiteElo "1917"]
[BlackElo "1698"]
[PlyCount "27"]
[EventDate "2024.??.??"]
[WhiteTeam "Freibauer Wedemark"]
[BlackTeam "SV Irxleben 1919"]

1. d4 Nf6 2. c4 e5 3. dxe5 Ng4 4. e3 Nxe5 5. Nc3 d6 6. f4 Bg4 7. Qb3 Nec6 8.
Qxb7 Nd7 9. Qxc6 Rb8 10. Nd5 Rc8 11. Bd3 Be6 12. Nf3 Bxd5 13. cxd5 g6 14. Bb5
1-0

[Event "32. Offene Senioren-LEM Sachsen-Anh. 65+"]
[Site "Magdeburg"]
[Date "2024.07.01"]
[Round "1.48"]
[White "Gieseke, Karl-Heinz"]
[Black "Costello, Colin"]
[Result "0-1"]
[WhiteElo "1696"]
[BlackElo "1911"]
[PlyCount "72"]
[EventDate "2024.??.??"]
[WhiteTeam "SG Schöningen JFZ-I"]
[BlackTeam "SC Zugzwang 95"]

1. e4 e5 2. Nf3 Nc6 3. Bc4 Bc5 4. Nc3 Nf6 5. O-O O-O 6. a3 d6 7. h3 Be6 8. Bxe6
fxe6 9. b4 Bb6 10. d3 Qe7 11. Be3 Rad8 12. Qe2 d5 13. exd5 exd5 14. Na4 d4 15.
Bg5 Rfe8 16. Rfe1 a6 17. Nxb6 cxb6 18. Nd2 Qf7 19. Ne4 Nxe4 20. dxe4 Rd6 21. c3
dxc3 22. Qa2 Nd4 23. Qxf7+ Kxf7 24. Ra2 h6 25. Be3 Rc8 26. Kf1 Ke6 27. Bxd4
exd4 28. f4 d3 29. e5 Rd4 30. Rf2 Rxf4 31. Rxf4 d2 32. Re2 d1=Q+ 33. Re1 c2 34.
Rxd1 cxd1=Q+ 35. Kf2 Rc2+ 36. Kg3 Qd2 0-1

[Event "32. Offene Senioren-LEM Sachsen-Anh. 65+"]
[Site "Magdeburg"]
[Date "2024.07.01"]
[Round "1.49"]
[White "Kalkmann, Hans"]
[Black "Sauter, Arthur"]
[Result "0-1"]
[WhiteElo "1910"]
[BlackElo "1690"]
[PlyCount "100"]
[EventDate "2024.??.??"]
[WhiteTeam "SC Springer St.Tönis 1949"]
[BlackTeam "SV Irxleben 1919"]

1. d4 d6 2. Nf3 c5 3. c3 Qa5 4. Nbd2 cxd4 5. Nxd4 e5 6. N4b3 Qc7 7. e4 Be6 8.
Be2 Nf6 9. O-O Be7 10. Bf3 O-O 11. Re1 Nbd7 12. Qe2 Nb6 13. Nf1 a5 14. Ne3 a4
15. Nd2 a3 16. Nb3 Rfc8 17. h3 Na4 18. Nd1 axb2 19. Bxb2 Qb6 20. Qc2 Nxb2 21.
Nxb2 Ra3 22. Rec1 Bxb3 23. axb3 Qxb3 24. Qxb3 Rxb3 25. Nd1 Nd7 26. Rab1 Rxb1
27. Rxb1 Nc5 28. Ne3 Ra8 29. Nd5 Kf8 30. g4 Ra4 31. Nb6 Ra3 32. Nd5 Bd8 33. Kg2
Ba5 34. c4 Rb3 35. Ra1 b6 36. Rd1 Ne6 37. Kg3 Nd4 38. Ne3 Ke7 39. Kg2 Kd7 40.
Nf5 Nxf3 41. Rxd6+ Kc7 42. Rd5 Rd3 43. Ne3 Ne1+ 44. Kf1 Rxd5 45. Nxd5+ Kc6 46.
Ke2 Kc5 47. Ne3 g6 48. f3 Kd4 49. Kf2 Nd3+ 50. Ke2 Nf4+ 0-1

[Event "32. Offene Senioren-LEM Sachsen-Anh. 65+"]
[Site "Magdeburg"]
[Date "2024.07.01"]
[Round "1.50"]
[White "Watermann, Bernd"]
[Black "Just, Joachim"]
[Result "0-1"]
[WhiteElo "1660"]
[BlackElo "1909"]
[PlyCount "100"]
[EventDate "2024.??.??"]
[WhiteTeam "Sf Barsinghausen e.V."]
[BlackTeam "SV Motor Zeitz"]

1. d4 d5 2. e3 Nf6 3. f4 c6 4. Nf3 Bg4 5. Be2 g6 6. O-O Bg7 7. Bd2 Ne4 8. Be1
O-O 9. Nbd2 Nd7 10. h3 Bxf3 11. Bxf3 f5 12. Bh4 Ndf6 13. Bxf6 exf6 14. c4 Qe7
15. cxd5 cxd5 16. Re1 Rac8 17. Nf1 Rc6 18. Rc1 Rfc8 19. Rxc6 Rxc6 20. Qb3 Qd7
21. Be2 Rb6 22. Qc2 Bf8 23. Rc1 Rc6 24. Qd1 Bd6 25. Rxc6 bxc6 26. g4 fxg4 27.
hxg4 Qb7 28. Qc2 Qb6 29. Bd3 f5 30. gxf5 gxf5 31. Bxe4 fxe4 32. Qg2+ Kf8 33.
Qh2 Qb7 34. Qh6+ Qg7+ 35. Qxg7+ Kxg7 36. Kg2 c5 37. dxc5 Bxc5 38. Kg3 Kf6 39.
Kg4 a5 40. b3 Kg6 41. Kg3 h5 42. Kf2 Kf5 43. Ng3+ Kg4 44. Ne2 h4 45. a4 Bb6 46.
Nc3 d4 47. Nxe4 dxe3+ 48. Ke2 Kxf4 49. Nc3 h3 50. Kf1 Kf3 0-1

[Event "32. Offene Senioren-LEM Sachsen-Anh. 65+"]
[Site "Magdeburg"]
[Date "2024.07.01"]
[Round "1.51"]
[White "Schmieder, Siegfried"]
[Black "Schiefer, Jörg"]
[Result "1-0"]
[WhiteElo "1906"]
[BlackElo "1655"]
[PlyCount "53"]
[EventDate "2024.??.??"]
[WhiteTeam "SG Schwäbisch Gmünd 1872"]
[BlackTeam "USC Magdeburg"]

1. e4 c5 2. Nc3 Nc6 3. Bb5 a6 4. Bxc6 dxc6 5. f4 Nf6 6. d3 Bg4 7. Qd2 g6 8. h3
Bc8 9. Qf2 e6 10. Nf3 Bg7 11. Qxc5 Nd7 12. Qf2 Bxc3+ 13. bxc3 Qb6 14. Be3 Qb2
15. O-O O-O 16. c4 c5 17. a4 a5 18. e5 Qb6 19. Qh4 Qd8 20. Ng5 h5 21. g4 f6 22.
Nxe6 Qe7 23. Nxf8 Nxf8 24. gxh5 gxh5 25. Qxh5 Qg7+ 26. Kf2 fxe5 27. Rg1 1-0

[Event "32. Offene Senioren-LEM Sachsen-Anh. 65+"]
[Site "Magdeburg"]
[Date "2024.07.01"]
[Round "1.52"]
[White "Girod, Gudrun"]
[Black "Winkler, Karl"]
[Result "0-1"]
[WhiteElo "1649"]
[BlackElo "1905"]
[PlyCount "94"]
[EventDate "2024.??.??"]
[WhiteTeam "Hannover 96"]
[BlackTeam "SG Eintracht Neubrandenburg"]

1. d4 Nf6 2. e3 e6 3. Nf3 c5 4. Be2 b6 5. O-O Ba6 6. c3 Bxe2 7. Qxe2 Nc6 8. e4
Be7 9. Bg5 O-O 10. Bxf6 Bxf6 11. e5 Be7 12. Nbd2 d5 13. Qb5 Rc8 14. Rad1 c4 15.
Qa4 Qc7 16. Qc2 b5 17. Rc1 b4 18. Rfe1 Rb8 19. b3 cxb3 20. Nxb3 Na5 21. Nxa5
Qxa5 22. c4 Rfc8 23. Qb3 Rxc4 24. Rxc4 dxc4 25. Qxc4 Qd5 26. Qxd5 exd5 27. Rc1
b3 28. axb3 Rxb3 29. h3 Rb7 30. Rc6 g6 31. g3 a5 32. Ra6 Rb3 33. Kg2 Ra3 34. h4
Bb4 35. e6 fxe6 36. Rxe6 a4 37. Ra6 Ra2 38. Ne5 a3 39. g4 Be1 40. Nd3 Bc3 41.
Ra4 Rd2 42. Ra8+ Kg7 43. Ra7+ Kf8 44. Ra8+ Ke7 45. Ra7+ Kd8 46. Nf4 a2 47. Nxd5
a1=Q 0-1

[Event "32. Offene Senioren-LEM Sachsen-Anh. 65+"]
[Site "Magdeburg"]
[Date "2024.07.01"]
[Round "1.53"]
[White "Funke, Arnold"]
[Black "Rosenkranz, Richard"]
[Result "1-0"]
[WhiteElo "1902"]
[BlackElo "1628"]
[PlyCount "67"]
[EventDate "2024.??.??"]
[WhiteTeam "SV Aufbau Bernburg"]
[BlackTeam "Haldensleber Sportclub"]

1. d4 d5 2. Nc3 Nf6 3. e4 c6 4. e5 Ne4 5. Bd3 Nxc3 6. bxc3 e6 7. Qg4 h5 8. Qg3
c5 9. Nf3 Qa5 10. Bd2 Qb6 11. O-O c4 12. Rfb1 Qc7 13. Be2 Nd7 14. h4 b6 15. Ng5
Be7 16. Qf4 f6 17. Nxe6 Qc6 18. Nxg7+ Kf8 19. Nxh5 Ke8 20. e6 Qxe6 21. Ng7+ Kf7
22. Nxe6 Kxe6 23. Bg4+ Kf7 24. Re1 Nf8 25. Bxc8 Rxc8 26. Qf5 Ng6 27. h5 Nh4 28.
Qe6+ Kg7 29. Qxe7+ Kg8 30. Re3 Nf5 31. Qe6+ Kh7 32. Qxf5+ Kg7 33. Qd7+ Kh6 34.
Rh3# 1-0

[Event "32. Offene Senioren-LEM Sachsen-Anh. 65+"]
[Site "Magdeburg"]
[Date "2024.07.01"]
[Round "1.54"]
[White "Geibel, Henning"]
[Black "Kynast, Reinhard"]
[Result "0-1"]
[WhiteElo "1601"]
[BlackElo "1901"]
[PlyCount "120"]
[EventDate "2024.??.??"]
[WhiteTeam "Ahrensburger TSV"]
[BlackTeam "Brackweder Schachklub von 1924"]

1. e4 c5 2. Nf3 e6 3. Nc3 a6 4. d4 cxd4 5. Nxd4 Qc7 6. Qf3 Nf6 7. Bd3 Be7 8.
O-O O-O 9. Re1 d6 10. Bg5 Bd7 11. Bxf6 Bxf6 12. Nce2 Nc6 13. c3 h6 14. Nxc6
Bxc6 15. Ng3 Qb6 16. Rab1 Qa5 17. a3 Rad8 18. Nh5 Be7 19. Qg4 Qg5 20. Qxg5 Bxg5
21. b4 Bd2 22. Re2 Bxc3 23. Rc2 Bd4 24. Rc4 e5 25. Ng3 Bb5 26. Nf5 Bxc4 27.
Bxc4 Ba7 28. Bd5 Rd7 29. b5 Rc8 30. bxa6 bxa6 31. g4 Rc2 32. Ne3 Bxe3 33. fxe3
Rc3 34. Rb8+ Kh7 35. Kf2 Rxa3 36. Rf8 Kg6 37. h4 Kf6 38. Kf3 g5 39. hxg5+ hxg5
40. Rh8 Kg7 41. Rh5 Kg6 42. Rh8 a5 43. Rg8+ Kf6 44. Rh8 a4 45. Rh6+ Kg7 46. Rh5
Kg6 47. Rh8 Ra1 48. Rg8+ Kf6 49. Ra8 a3 50. Ra6 Ke7 51. Bc6 Rc7 52. Bd5 Rf1+
53. Ke2 Ra1 54. Kf3 f6 55. Ra8 Kd7 56. Rf8 Rc2 57. Rf7+ Ke8 58. Rb7 Rf1+ 59.
Kg3 a2 60. Rb8+ Kd7 0-1

[Event "32. Offene Senioren-LEM Sachsen-Anh. 65+"]
[Site "Magdeburg"]
[Date "2024.07.01"]
[Round "1.55"]
[White "Schulz, Hans-Werner"]
[Black "Langbein, Wolfgang"]
[Result "1-0"]
[WhiteElo "1896"]
[BlackElo "1533"]
[PlyCount "93"]
[EventDate "2024.??.??"]
[WhiteTeam "SV Eiche Reichenbrand"]
[BlackTeam "PSV Ribnitz-Damgarten"]

1. d4 e6 2. c4 d5 3. Nc3 c5 4. cxd5 cxd4 5. Qxd4 Nf6 6. Bg5 Be7 7. O-O-O O-O 8.
d6 Nc6 9. Qf4 e5 10. Qd2 Nd7 11. dxe7 Nxe7 12. Bxe7 Qxe7 13. e3 Nb6 14. Qd6
Qxd6 15. Rxd6 Be6 16. Bd3 Rac8 17. Nge2 Bxa2 18. Kd2 Be6 19. Rd1 Nd7 20. Ke1
Nc5 21. Bb1 Bb3 22. Rc1 Rfd8 23. Rxd8+ Rxd8 24. Bc2 Be6 25. Ne4 Na6 26. Rd1
Rxd1+ 27. Kxd1 Nb4 28. Nc5 Bc8 29. Be4 b6 30. Nd3 Nxd3 31. Bxd3 a6 32. Kd2 b5
33. Be4 g6 34. Bc6 Kf8 35. Kc3 Ke7 36. Bd5 f6 37. Kb4 Kd6 38. Bg8 h6 39. g3 Bd7
40. Nc3 f5 41. Ka5 Bc6 42. Na2 Bb7 43. Nb4 Bc8 44. Kb6 g5 45. Nd3 e4 46. Nc5 h5
47. b4 1-0

[Event "32. Offene Senioren-LEM Sachsen-Anh. 65+"]
[Site "Magdeburg"]
[Date "2024.07.01"]
[Round "1.56"]
[White "Rosenkranz, Eveline"]
[Black "Manthey, Wolfgang"]
[Result "0-1"]
[WhiteElo "676"]
[BlackElo "1888"]
[PlyCount "94"]
[EventDate "2024.??.??"]
[WhiteTeam "Haldensleber Sportclub"]
[BlackTeam "Helmstedter SV"]

1. e4 g6 2. Nc3 Bg7 3. d3 d6 4. Bd2 Nf6 5. Be2 c5 6. Nf3 Nc6 7. O-O O-O 8. h3
Bd7 9. a3 a6 10. Na4 b5 11. b3 bxa4 12. bxa4 Na5 13. Bc3 Bxa4 14. d4 Nxe4 15.
Bb2 c4 16. Qc1 c3 17. Bd3 cxb2 18. Qxb2 Rb8 19. Qc1 Nc3 20. Qd2 Qc7 21. Bxa6
Bb5 22. Bxb5 Nxb5 23. Rfe1 Nc4 24. Qd3 e5 25. d5 Rfe8 26. a4 Na7 27. Re4 Rec8
28. Rh4 e4 29. Qxe4 Bxa1 30. Ng5 Bf6 31. Nxh7 Bxh4 32. Qxh4 Qd8 33. Nf6+ Kg7
34. g3 Qxf6 35. Qe4 Nd2 36. Qd3 Nf3+ 37. Kf1 Re8 38. h4 Rb1+ 39. Kg2 Ne1+ 40.
Kh3 Nxd3 41. h5 Qf5+ 42. g4 Nxf2+ 43. Kg2 Nxg4 44. h6+ Kh7 45. c4 Rb3 46. a5
Rb2+ 47. Kh1 Qf1# 0-1